Top 25: Älteste U-Bahn - Statistiken

Allgemein
  • Dieses Quiz wurde 103 mal gespielt
  • Das Durchschnittsergebnis liegt bei 13 aus 25
Antwortstatistiken
Eröffungsjahr Stadt % Korrekt
1902 Berlin
100%
1863 London
96%
1900 Paris
94%
1955 Rom
88%
1919 Madrid
83%
1935 Moskau
83%
1912 Hamburg
80%
1924 Barcelona
71%
1927 Tokio
71%
1904 Athen
57%
1896 Budapest
54%
1897 Boston
48%
1892 Chicago
48%
1950 Stockholm
47%
1896 Glasgow
44%
1959 Lissabon
42%
1960 Kiew
39%
1893 Liverpool
34%
1933 Osaka
34%
1907 Philadelphia
33%
1955 Sankt Petersburg
25%
1904 New York City
21%
1913 Buenos Aires
19%
1957 Nagoya
13%
1955 Cleveland
2%
Keine übereinstimmenden Quizze gefunden
Verteilung der Resultate
Anzahl Personen mit jedem Resultat
Perzentil nach korrekt beantworteten Fragen
Ihre Resultats-Entwicklung
Sie haben dieses Quiz noch nicht gespielt